[Event "Campeonato España Sub 16"]
[Site "Salobreña"]
[Date "2017.07.27"]
[Round "6"]
[White "Aguilera Lopez, Alejandro"]
[Black "Sama Salinas, Alejandro"]
[Result "1-0"]
[Board "13"]
[WhiteClock "1:30"]
[WhiteElo "2251"]
[WhiteCountry "ESP"]
[WhiteFideId "32093810"]
[WhiteEloChange "4"]
[BlackClock "1:30"]
[BlackElo "2000"]
[BlackCountry "ESP"]
[BlackFideId "32086318"]
[BlackEloChange "-4"]

1. d4 {[%clk 1:30:00]} Nf6 {[%clk 1:30:00]} 2. Nf3 {[%clk 1:30:00]} g6 {[%clk
1:31:00]} 3. Bg5 {[%clk 1:31:00]} Bg7 {[%clk 1:31:00]} 4. Nbd2 {[%clk 1:31:00]}
d6 {[%clk 1:30:00]} 5. e3 {[%clk 1:30:00]} h6 {[%clk 1:31:00]} 6. Bh4 {[%clk
1:31:00]} g5 {[%clk 1:30:00]} 7. Bg3 {[%clk 1:31:00]} Nh5 {[%clk 1:30:00]} 8. Bd3
{[%clk 1:31:00]} e6 {[%clk 1:29:00]} 9. c3 {[%clk 1:30:00]} Qe7 {[%clk 1:30:00]}
10. Qe2 {[%clk 1:29:00]} Nd7 {[%clk 1:28:00]} 11. a4 {[%clk 1:25:00]} f5 {[%clk
1:09:00]} 12. a5 {[%clk 1:21:00]} a6 {[%clk 1:08:00]} 13. Bc2 {[%clk 1:17:00]}
O-O {[%clk 1:05:00]} 14. b4 {[%clk 1:11:00]} Ndf6 {[%clk 1:01:00]} 15. b5 {[%clk
1:02:00]} axb5 {[%clk 0:59:00]} 16. Qxb5 {[%clk 1:02:00]} Bd7 {[%clk 0:55:00]}
17. Qb3 {[%clk 1:01:00]} Kh8 {[%clk 0:53:00]} 18. c4 {[%clk 0:55:00]} Ng4 {[%clk
0:39:00]} 19. O-O {[%clk 0:53:00]} e5 {[%clk 0:26:00]} 20. h3 {[%clk 0:51:00]}
Nxe3 {[%clk 0:26:00]} 21. Qxe3 {[%clk 0:49:00]} f4 {[%clk 0:26:00]} 22. Qe1
{[%clk 0:49:00]} fxg3 {[%clk 0:24:00]} 23. fxg3 {[%clk 0:49:00]} Rae8 {[%clk
0:23:00]} 24. Bg6 {[%clk 0:49:00]} e4 {[%clk 0:20:00]} 25. Nxe4 {[%clk 0:45:00]}
Nf6 {[%clk 0:19:09]} 26. Bxe8 {[%clk 0:44:00]} Rxe8 {[%clk 0:17:27]} 27. Nxf6
{[%clk 0:45:00]} Qxf6 {[%clk 0:16:14]} 28. Qd2 {[%clk 0:44:00]} Qg6 {[%clk
0:16:04]} 29. Rae1 {[%clk 0:41:00]} Rf8 {[%clk 0:12:36]} 30. Kh2 {[%clk 0:36:00]}
Bf6 {[%clk 0:12:14]} 31. d5 {[%clk 0:31:00]} Rg8 {[%clk 0:10:16]} 32. Nd4 {[%clk
0:31:00]} Be5 {[%clk 0:09:45]} 33. Nf3 {[%clk 0:30:00]} Bf6 {[%clk 0:10:07]} 34.
Nd4 {[%clk 0:24:00]} Be5 {[%clk 0:10:19]} 35. Qf2 {[%clk 0:24:00]} h5 {[%clk
0:08:50]} 36. Nf3 {[%clk 0:23:00]} Bf6 {[%clk 0:08:43]} 37. Nh4 {[%clk 0:23:00]}
gxh4 {[%clk 0:07:23]} 38. Qxf6+ {[%clk 0:24:00]} Qxf6 {[%clk 0:07:42]} 39. Rxf6
{[%clk 0:24:00]} hxg3+ {[%clk 0:07:58]} 40. Kg1 {[%clk 0:25:00]} Kg7 {[%clk
0:07:04]} 41. Rf3 {[%clk 0:25:00]} Kh6 {[%clk 0:07:15]} 42. Re7 {[%clk 0:25:00]}
Re8 {[%clk 0:07:07]} 43. Rxd7 {[%clk 0:25:00]} 1-0

[Event "Campeonato España Sub 16"]
[Site "Salobreña"]
[Date "2017.07.27"]
[Round "6"]
[White "Represa Perez, Mireya"]
[Black "Sole Pijuan, Ferran"]
[Result "0-1"]
[Board "14"]
[WhiteClock "1:30"]
[WhiteTitle "WFM"]
[WhiteElo "1974"]
[WhiteCountry "ESP"]
[WhiteFideId "32010036"]
[WhiteEloChange "-4"]
[BlackClock "1:30"]
[BlackElo "2216"]
[BlackCountry "ESP"]
[BlackFideId "32045611"]
[BlackEloChange "4"]

1. e4 {[%clk 1:30:00]} e5 {[%clk 1:30:00]} 2. Nf3 {[%clk 1:31:00]} Nc6 {[%clk
1:31:00]} 3. Nc3 {[%clk 1:31:00]} Nf6 {[%clk 1:31:00]} 4. d4 {[%clk 1:31:00]}
exd4 {[%clk 1:31:00]} 5. Nxd4 {[%clk 1:31:00]} Bb4 {[%clk 1:31:00]} 6. Nxc6
{[%clk 1:32:00]} bxc6 {[%clk 1:31:00]} 7. Bd3 {[%clk 1:32:00]} O-O {[%clk
1:31:00]} 8. O-O {[%clk 1:32:00]} Re8 {[%clk 1:32:00]} 9. Qf3 {[%clk 1:31:00]} h6
{[%clk 1:27:00]} 10. Bf4 {[%clk 1:28:00]} Bxc3 {[%clk 1:18:00]} 11. bxc3 {[%clk
1:28:00]} d6 {[%clk 1:18:00]} 12. h3 {[%clk 1:24:00]} Nd7 {[%clk 1:12:00]} 13.
Qg3 {[%clk 1:11:00]} Qf6 {[%clk 1:12:00]} 14. Rad1 {[%clk 1:10:00]} Ne5 {[%clk
1:06:00]} 15. Rfe1 {[%clk 1:08:00]} Ng6 {[%clk 1:00:00]} 16. Bd2 {[%clk 1:06:00]}
Qh4 {[%clk 0:56:00]} 17. Qxh4 {[%clk 1:00:00]} Nxh4 {[%clk 0:56:00]} 18. Bf4
{[%clk 0:58:00]} Ng6 {[%clk 0:48:00]} 19. Be3 {[%clk 0:56:00]} a5 {[%clk
0:47:00]} 20. Rb1 {[%clk 0:54:00]} Ne5 {[%clk 0:36:00]} 21. Bf1 {[%clk 0:44:00]}
a4 {[%clk 0:30:00]} 22. a3 {[%clk 0:41:00]} Nd7 {[%clk 0:23:00]} 23. f3 {[%clk
0:39:00]} Ne5 {[%clk 0:19:50]} 24. Kf2 {[%clk 0:36:00]} Ba6 {[%clk 0:18:12]} 25.
f4 {[%clk 0:22:00]} Bxf1 {[%clk 0:16:29]} 26. fxe5 {[%clk 0:22:00]} Bc4 {[%clk
0:15:49]} 27. Rb4 {[%clk 0:18:31]} d5 {[%clk 0:15:58]} 28. exd5 {[%clk 0:18:54]}
cxd5 {[%clk 0:16:21]} 29. Bd4 {[%clk 0:17:04]} c6 {[%clk 0:13:03]} 30. Rb7 {[%clk
0:16:48]} Re6 {[%clk 0:11:44]} 31. Re3 {[%clk 0:12:39]} Rae8 {[%clk 0:11:48]} 32.
Rc7 {[%clk 0:08:48]} Bb5 {[%clk 0:11:38]} 33. Kf3 {[%clk 0:05:22]} R8e7 {[%clk
0:08:26]} 34. Rxe7 {[%clk 0:04:19]} Rxe7 {[%clk 0:08:50]} 35. h4 {[%clk 0:02:31]}
h5 {[%clk 0:06:55]} 36. Kf4 {[%clk 0:01:51]} Re6 {[%clk 0:04:53]} 37. g3 {[%clk
0:01:14]} Kh7 {[%clk 0:04:02]} 38. Kf5 {[%clk 0:00:44]} Kh6 {[%clk 0:03:30]} 39.
Kf4 {[%clk 0:00:42]} Kh7 {[%clk 0:03:14]} 40. Kg5 {[%clk 0:00:39]} Rg6+ {[%clk
0:03:24]} 41. Kxh5 {[%clk 0:00:37]} c5 {[%clk 0:03:18]} 42. e6 {[%clk 0:00:35]}
cxd4 {[%clk 0:02:56]} 43. exf7 {[%clk 0:00:53]} dxe3 {[%clk 0:03:07]} 44. f8N+
{[%clk 0:00:47]} Kg8 {[%clk 0:03:27]} 45. Nxg6 {[%clk 0:01:11]} e2 {[%clk
0:03:15]} 46. Ne7+ {[%clk 0:01:13]} Kf7 {[%clk 0:03:15]} 0-1

[Event "Campeonato España Sub 16"]
[Site "Salobreña"]
[Date "2017.07.27"]
[Round "6"]
[White "Baquedano Coarasa, Pablo"]
[Black "Ortin Blanco, Ainhoa"]
[Result "1-0"]
[Board "15"]
[WhiteClock "1:30"]
[WhiteElo "2151"]
[WhiteCountry "ESP"]
[WhiteFideId "32024991"]
[WhiteEloChange "5"]
[BlackClock "1:30"]
[BlackElo "1961"]
[BlackCountry "ESP"]
[BlackFideId "32010117"]
[BlackEloChange "-5"]

1. d4 {[%clk 1:30:00]} Nf6 {[%clk 1:30:00]} 2. c4 {[%clk 1:31:00]} g6 {[%clk
1:30:00]} 3. Nc3 {[%clk 1:31:00]} Bg7 {[%clk 1:31:00]} 4. e4 {[%clk 1:32:00]} d6
{[%clk 1:31:00]} 5. Nge2 {[%clk 1:32:00]} Nbd7 {[%clk 1:30:00]} 6. Ng3 {[%clk
1:32:00]} h5 {[%clk 1:30:00]} 7. Be2 {[%clk 1:29:00]} e5 {[%clk 1:23:00]} 8. d5
{[%clk 1:28:00]} h4 {[%clk 1:21:00]} 9. Nf1 {[%clk 1:28:00]} Nc5 {[%clk 1:18:00]}
10. Bg5 {[%clk 1:16:00]} h3 {[%clk 0:59:00]} 11. g3 {[%clk 1:16:00]} Bh6 {[%clk
0:58:00]} 12. Bxh6 {[%clk 1:14:00]} Rxh6 {[%clk 0:58:00]} 13. Nd2 {[%clk
1:13:00]} a5 {[%clk 0:57:00]} 14. O-O {[%clk 1:13:00]} Nh5 {[%clk 0:49:00]} 15.
Nf3 {[%clk 0:53:00]} Bg4 {[%clk 0:42:00]} 16. Qd2 {[%clk 0:51:00]} Rh8 {[%clk
0:42:00]} 17. Rfe1 {[%clk 0:44:00]} Bxf3 {[%clk 0:34:00]} 18. Bxf3 {[%clk
0:44:00]} Ng7 {[%clk 0:34:00]} 19. Bd1 {[%clk 0:34:00]} Kd7 {[%clk 0:27:00]} 20.
b3 {[%clk 0:32:00]} Qe7 {[%clk 0:24:00]} 21. a3 {[%clk 0:31:00]} f5 {[%clk
0:19:14]} 22. Rb1 {[%clk 0:26:00]} Nxe4 {[%clk 0:13:49]} 23. Nxe4 {[%clk
0:26:00]} fxe4 {[%clk 0:14:15]} 24. Bg4+ {[%clk 0:23:00]} Nf5 {[%clk 0:14:04]}
25. Rxe4 {[%clk 0:23:00]} Kd8 {[%clk 0:09:54]} 26. Rbe1 {[%clk 0:21:00]} Qf6
{[%clk 0:03:22]} 27. f4 {[%clk 0:17:50]} Re8 {[%clk 0:00:38]} 28. Bxh3 {[%clk
0:16:30]} Ng7 {[%clk 0:00:34]} 29. Qe2 {[%clk 0:16:25]} c5 {[%clk 0:00:35]} 30.
fxe5 {[%clk 0:15:50]} dxe5 {[%clk 0:00:38]} 31. Rxe5 {[%clk 0:15:37]} Kc7 {[%clk
0:00:37]} 32. Re7+ {[%clk 0:12:32]} Kb6 {[%clk 0:00:58]} 33. Qe5 {[%clk 0:11:21]}
Qxe5 {[%clk 0:00:31]} 34. R1xe5 {[%clk 0:11:48]} Rxe7 {[%clk 0:00:48]} 35. Rxe7
{[%clk 0:12:14]} Nf5 {[%clk 0:00:36]} 36. Re6+ {[%clk 0:11:52]} Kc7 {[%clk
0:00:50]} 37. Rxg6 {[%clk 0:09:59]} Nd6 {[%clk 0:00:41]} 38. a4 {[%clk 0:09:14]}
Re8 {[%clk 0:00:33]} 39. Re6 {[%clk 0:08:58]} Rf8 {[%clk 0:00:34]} 40. Kg2 {[%clk
0:09:14]} Rf7 {[%clk 0:00:32]} 41. Bg4 {[%clk 0:08:43]} Rg7 {[%clk 0:00:49]} 42.
h3 {[%clk 0:08:10]} Rg8 {[%clk 0:00:54]} 43. Re5 {[%clk 0:08:18]} Rg7 {[%clk
0:00:48]} 44. Be6 {[%clk 0:08:40]} Ne8 {[%clk 0:00:37]} 45. Rf5 {[%clk 0:08:26]}
Nd6 {[%clk 0:00:45]} 46. Rf4 {[%clk 0:08:53]} Kd8 {[%clk 0:00:57]} 47. g4 {[%clk
0:08:51]} Ke7 {[%clk 0:00:27]} 48. h4 {[%clk 0:09:20]} Ne8 {[%clk 0:00:56]} 49.
g5 {[%clk 0:09:27]} Nc7 {[%clk 0:00:47]} 50. Rf6 {[%clk 0:08:28]} Ne8 {[%clk
0:00:56]} 51. Rh6 {[%clk 0:08:09]} Nd6 {[%clk 0:00:43]} 52. Kf3 {[%clk 0:07:40]}
b6 {[%clk 0:00:35]} 53. Kf4 {[%clk 0:07:25]} Ne8 {[%clk 0:00:38]} 54. Ke5 {[%clk
0:07:00]} Nd6 {[%clk 0:00:51]} 55. g6 {[%clk 0:07:03]} 1-0

[Event "Campeonato España Sub 16"]
[Site "Salobreña"]
[Date "2017.07.27"]
[Round "6"]
[White "Rodriguez Izquierdo, Luis"]
[Black "Toquero Gracia, Pau"]
[Result "0-1"]
[Board "16"]
[WhiteClock "1:30"]
[WhiteElo "2088"]
[WhiteCountry "ESP"]
[WhiteFideId "32051603"]
[WhiteEloChange "-13"]
[BlackClock "1:30"]
[BlackElo "1971"]
[BlackCountry "ESP"]
[BlackFideId "32086296"]
[BlackEloChange "13"]

1. e4 {[%clk 1:30:00]} c5 {[%clk 1:30:00]} 2. Nf3 {[%clk 1:31:00]} d6 {[%clk
1:31:00]} 3. d4 {[%clk 1:31:00]} cxd4 {[%clk 1:31:00]} 4. Nxd4 {[%clk 1:32:00]}
Nf6 {[%clk 1:32:00]} 5. Nc3 {[%clk 1:32:00]} a6 {[%clk 1:32:00]} 6. h3 {[%clk
1:31:00]} e5 {[%clk 1:32:00]} 7. Nde2 {[%clk 1:31:00]} Be6 {[%clk 1:32:00]} 8. g4
{[%clk 1:29:00]} h6 {[%clk 1:32:00]} 9. Bg2 {[%clk 1:28:00]} Be7 {[%clk 1:30:00]}
10. Ng3 {[%clk 1:21:00]} g6 {[%clk 1:31:00]} 11. Be3 {[%clk 1:20:00]} Nc6 {[%clk
1:29:00]} 12. Nd5 {[%clk 1:16:00]} Bxd5 {[%clk 1:25:00]} 13. exd5 {[%clk
1:16:00]} Nb8 {[%clk 1:23:00]} 14. Qd2 {[%clk 1:15:00]} h5 {[%clk 1:23:00]} 15.
g5 {[%clk 1:13:00]} Nfd7 {[%clk 1:24:00]} 16. Ne4 {[%clk 1:08:00]} Nb6 {[%clk
1:23:00]} 17. b3 {[%clk 1:08:00]} a5 {[%clk 1:19:00]} 18. c4 {[%clk 1:03:00]} Qc7
{[%clk 1:12:00]} 19. Rc1 {[%clk 0:52:00]} Nc8 {[%clk 1:06:00]} 20. O-O {[%clk
0:48:00]} b6 {[%clk 1:02:00]} 21. f4 {[%clk 0:44:00]} Nd7 {[%clk 0:58:00]} 22.
fxe5 {[%clk 0:41:00]} Nxe5 {[%clk 0:58:00]} 23. Bd4 {[%clk 0:36:00]} Ra7 {[%clk
0:55:00]} 24. Rcd1 {[%clk 0:29:00]} Qd7 {[%clk 0:51:00]} 25. Bxe5 {[%clk
0:24:00]} dxe5 {[%clk 0:51:00]} 26. d6 {[%clk 0:24:00]} Bd8 {[%clk 0:52:00]} 27.
c5 {[%clk 0:24:00]} bxc5 {[%clk 0:51:00]} 28. Kh1 {[%clk 0:23:00]} O-O {[%clk
0:51:00]} 29. a4 {[%clk 0:21:00]} Nb6 {[%clk 0:49:00]} 30. Qe3 {[%clk 0:21:00]}
Qc8 {[%clk 0:46:00]} 31. h4 {[%clk 0:17:37]} Nd7 {[%clk 0:46:00]} 32. Nf6+ {[%clk
0:16:16]} Bxf6 {[%clk 0:45:00]} 33. gxf6 {[%clk 0:16:41]} Qd8 {[%clk 0:45:00]}
34. Qg5 {[%clk 0:16:58]} Kh7 {[%clk 0:44:00]} 35. Be4 {[%clk 0:17:00]} Rh8 {[%clk
0:44:00]} 36. Rd2 {[%clk 0:14:26]} Qf8 {[%clk 0:41:00]} 37. Bc6 {[%clk 0:09:30]}
Qc8 {[%clk 0:31:00]} 38. Bxd7 {[%clk 0:08:33]} Qxd7 {[%clk 0:31:00]} 39. Qxe5
{[%clk 0:06:37]} Re8 {[%clk 0:28:00]} 40. Qxc5 {[%clk 0:05:37]} Qh3+ {[%clk
0:28:00]} 41. Kg1 {[%clk 0:06:04]} Rd7 {[%clk 0:28:00]} 42. Qd5 {[%clk 0:05:21]}
Qe3+ {[%clk 0:27:00]} 43. Rff2 {[%clk 0:05:15]} Re4 {[%clk 0:24:00]} 44. Re2
{[%clk 0:04:15]} Rg4+ {[%clk 0:25:00]} 45. Kf1 {[%clk 0:04:32]} Qh3+ {[%clk
0:24:00]} 46. Ke1 {[%clk 0:04:57]} Qc3+ {[%clk 0:24:00]} 47. Rd2 {[%clk 0:04:58]}
Rg1+ {[%clk 0:20:00]} 48. Ke2 {[%clk 0:05:24]} Rg3 {[%clk 0:20:00]} 49. Qb5
{[%clk 0:04:00]} Qe3+ {[%clk 0:19:36]} 50. Kd1 {[%clk 0:04:10]} Rg1+ {[%clk
0:19:12]} 51. Kc2 {[%clk 0:04:34]} Qe4+ {[%clk 0:19:15]} 52. Qd3 {[%clk 0:04:31]}
Qe1 {[%clk 0:18:43]} 53. Qd5 {[%clk 0:04:28]} Qb1+ {[%clk 0:17:44]} 54. Kc3
{[%clk 0:04:55]} Rg3+ {[%clk 0:17:38]} 55. Kd4 {[%clk 0:04:53]} Rxb3 {[%clk
0:14:20]} 56. Qc6 {[%clk 0:04:21]} Rdb7 {[%clk 0:12:47]} 57. d7 {[%clk 0:04:13]}
R7b4+ {[%clk 0:13:00]} 58. Ke5 {[%clk 0:04:33]} Re3+ {[%clk 0:12:13]} 59. Kd5
{[%clk 0:04:54]} Qe4+ {[%clk 0:12:18]} 60. Kd6 {[%clk 0:05:15]} Qe5# {[%clk
0:12:18]} 0-1

[Event "Campeonato España Sub 16"]
[Site "Salobreña"]
[Date "2017.07.27"]
[Round "6"]
[White "Gonzalvez Tamarit, Ruben"]
[Black "Soto Martin, Pablo"]
[Result "1-0"]
[Board "17"]
[WhiteClock "1:30"]
[WhiteElo "1954"]
[WhiteCountry "ESP"]
[WhiteFideId "32041764"]
[WhiteEloChange "13"]
[BlackClock "1:30"]
[BlackElo "2064"]
[BlackCountry "ESP"]
[BlackFideId "32035179"]
[BlackEloChange "-13"]

1. e4 {[%clk 1:30:00]} c5 {[%clk 1:30:00]} 2. Nf3 {[%clk 1:31:00]} e6 {[%clk
1:30:00]} 3. d4 {[%clk 1:31:00]} cxd4 {[%clk 1:31:00]} 4. Nxd4 {[%clk 1:32:00]}
a6 {[%clk 1:31:00]} 5. c4 {[%clk 1:32:00]} Nf6 {[%clk 1:31:00]} 6. Nc3 {[%clk
1:32:00]} Bb4 {[%clk 1:31:00]} 7. Qd3 {[%clk 1:32:00]} Qc7 {[%clk 1:31:00]} 8. a3
{[%clk 1:26:00]} Bxc3+ {[%clk 1:23:00]} 9. Qxc3 {[%clk 1:24:00]} Nxe4 {[%clk
1:19:00]} 10. Nb5 {[%clk 1:24:00]} axb5 {[%clk 1:18:00]} 11. Qxg7 {[%clk
1:25:00]} Rf8 {[%clk 1:17:00]} 12. Bh6 {[%clk 1:25:00]} Qd6 {[%clk 1:06:00]} 13.
cxb5 {[%clk 1:02:00]} Qe7 {[%clk 0:50:00]} 14. Rc1 {[%clk 0:55:00]} Nd6 {[%clk
0:46:00]} 15. Bd3 {[%clk 0:48:00]} f5 {[%clk 0:41:00]} 16. Qxe7+ {[%clk 0:47:00]}
Kxe7 {[%clk 0:42:00]} 17. Bxf8+ {[%clk 0:47:00]} Kxf8 {[%clk 0:42:00]} 18. O-O
{[%clk 0:42:00]} Ke7 {[%clk 0:35:00]} 19. Rc3 {[%clk 0:33:00]} b6 {[%clk
0:33:00]} 20. Be2 {[%clk 0:32:00]} Bb7 {[%clk 0:32:00]} 21. Rh3 {[%clk 0:31:00]}
Kf6 {[%clk 0:27:00]} 22. Rxh7 {[%clk 0:30:00]} Kg6 {[%clk 0:27:00]} 23. Rh3
{[%clk 0:28:00]} Ne4 {[%clk 0:27:00]} 24. f3 {[%clk 0:22:00]} Nf6 {[%clk
0:26:00]} 25. g4 {[%clk 0:20:00]} d6 {[%clk 0:20:00]} 26. gxf5+ {[%clk 0:18:50]}
Kxf5 {[%clk 0:18:37]} 27. Bd3+ {[%clk 0:15:43]} Kf4 {[%clk 0:18:46]} 28. Kf2
{[%clk 0:15:39]} Nbd7 {[%clk 0:16:25]} 29. Rg1 {[%clk 0:09:24]} Rg8 {[%clk
0:09:58]} 30. Rh4+ {[%clk 0:08:10]} Ke5 {[%clk 0:10:20]} 31. Re1+ {[%clk
0:08:10]} 1-0

[Event "Campeonato España Sub 16"]
[Site "Salobreña"]
[Date "2017.07.27"]
[Round "6"]
[White "Garcia Gimenez, Santiago"]
[Black "Soto Martin, Miguel"]
[Result "1/2-1/2"]
[Board "18"]
[WhiteClock "1:30"]
[WhiteElo "2064"]
[WhiteCountry "ESP"]
[WhiteFideId "32063350"]
[WhiteEloChange "-5"]
[BlackClock "1:30"]
[BlackElo "1881"]
[BlackCountry "ESP"]
[BlackFideId "32035195"]
[BlackEloChange "5"]

1. e4 {[%clk 1:30:00]} c5 {[%clk 1:30:00]} 2. Nf3 {[%clk 1:31:00]} d6 {[%clk
1:31:00]} 3. d4 {[%clk 1:31:00]} cxd4 {[%clk 1:31:00]} 4. Nxd4 {[%clk 1:31:00]}
Nf6 {[%clk 1:32:00]} 5. Nc3 {[%clk 1:31:00]} a6 {[%clk 1:32:00]} 6. Be2 {[%clk
1:31:00]} e5 {[%clk 1:33:00]} 7. Nb3 {[%clk 1:31:00]} Be7 {[%clk 1:33:00]} 8. Be3
{[%clk 1:31:00]} O-O {[%clk 1:33:00]} 9. O-O {[%clk 1:30:00]} Be6 {[%clk
1:26:00]} 10. Kh1 {[%clk 1:30:00]} b5 {[%clk 1:26:00]} 11. a3 {[%clk 1:27:00]}
Nbd7 {[%clk 1:26:00]} 12. f4 {[%clk 1:27:00]} Nb6 {[%clk 1:23:00]} 13. Qe1 {[%clk
1:24:00]} Qc7 {[%clk 1:22:00]} 14. Rd1 {[%clk 1:24:00]} Na4 {[%clk 1:14:00]} 15.
f5 {[%clk 1:03:00]} Bd7 {[%clk 1:10:00]} 16. Bg5 {[%clk 1:01:00]} Bc6 {[%clk
0:58:00]} 17. Qh4 {[%clk 1:01:00]} Nxb2 {[%clk 0:58:00]} 18. Rb1 {[%clk 1:01:00]}
Na4 {[%clk 0:58:00]} 19. Rf3 {[%clk 1:01:00]} Nxc3 {[%clk 0:58:00]} 20. Rxc3
{[%clk 1:01:00]} Rfc8 {[%clk 0:58:00]} 21. Nd2 {[%clk 1:01:00]} d5 {[%clk
0:58:00]} 22. Rg3 {[%clk 1:01:00]} Qd6 {[%clk 0:58:00]} 23. Rd1 {[%clk 1:01:00]}
d4 {[%clk 0:58:00]} 24. Bd3 {[%clk 1:01:00]} Kf8 {[%clk 0:58:00]} 25. Nf3 {[%clk
1:01:00]} h6 {[%clk 0:58:00]} 26. Bxf6 {[%clk 1:01:00]} Bxf6 {[%clk 0:58:00]} 27.
Qg4 {[%clk 1:01:00]} Qxa3 {[%clk 0:58:00]} 28. Nd2 {[%clk 1:01:00]} Qe7 {[%clk
0:58:00]} 29. Rf3 {[%clk 1:01:00]} a5 {[%clk 0:58:00]} 30. Rff1 {[%clk 1:01:00]}
Bg5 {[%clk 0:58:00]} 31. Nf3 {[%clk 1:01:00]} Bf6 {[%clk 0:58:00]} 32. Nd2 {[%clk
1:01:00]} a4 {[%clk 0:58:00]} 33. Ra1 {[%clk 1:01:00]} b4 {[%clk 0:58:00]} 34.
Rfb1 {[%clk 1:01:00]} Rcb8 {[%clk 0:58:00]} 35. Qe2 {[%clk 1:01:00]} Qc5 {[%clk
0:58:00]} 36. g3 {[%clk 1:01:00]} Ra7 {[%clk 0:58:00]} 37. Kg2 {[%clk 1:01:00]}
Rab7 {[%clk 0:58:00]} 38. Ra2 {[%clk 1:01:00]} Bd8 {[%clk 0:58:00]} 39. h4 {[%clk
1:01:00]} Ba5 {[%clk 0:58:00]} 40. Rab2 {[%clk 1:01:00]} b3 {[%clk 0:58:00]} 41.
cxb3 {[%clk 1:01:00]} Bc3 {[%clk 0:58:00]} 42. b4 {[%clk 1:01:00]} Rxb4 {[%clk
0:58:00]} 43. Rxb4 {[%clk 1:01:00]} Rxb4 {[%clk 0:58:00]} 44. Nf3 {[%clk
1:01:00]} Rxb1 {[%clk 0:58:00]} 45. Bxb1 {[%clk 1:01:00]} a3 {[%clk 0:58:00]} 46.
Bd3 {[%clk 1:01:00]} Bb2 {[%clk 0:58:00]} 47. Bb1 {[%clk 1:01:00]} Bb5 {[%clk
0:58:00]} 48. Qd1 {[%clk 1:01:00]} Qc3 {[%clk 0:58:00]} 49. Nxe5 {[%clk 1:01:00]}
d3 {[%clk 0:58:00]} 50. Nxd3 {[%clk 1:01:00]} Bxd3 {[%clk 0:58:00]} 51. Bxd3
{[%clk 1:01:00]} a2 {[%clk 0:58:00]} 52. Bc4 {[%clk 1:01:00]} Qe5 {[%clk
0:58:00]} 1/2-1/2

[Event "Campeonato España Sub 16"]
[Site "Salobreña"]
[Date "2017.07.27"]
[Round "6"]
[White "Dominguez Ruiz, Mario"]
[Black "Moreno Alcaraz, Jose Javier"]
[Result "1-0"]
[Board "19"]
[WhiteClock "1:30"]
[WhiteElo "2004"]
[WhiteCountry "ESP"]
[WhiteFideId "32092563"]
[WhiteEloChange "6"]
[BlackClock "1:30"]
[BlackElo "1872"]
[BlackCountry "ESP"]
[BlackFideId "32033303"]
[BlackEloChange "-6"]

1. d4 {[%clk 1:30:00]} Nf6 {[%clk 1:30:00]} 2. c4 {[%clk 1:30:00]} c5 {[%clk
1:30:00]} 3. d5 {[%clk 1:30:00]} b5 {[%clk 1:30:00]} 4. cxb5 {[%clk 1:31:00]} a6
{[%clk 1:31:00]} 5. b6 {[%clk 1:31:00]} Qxb6 {[%clk 1:31:00]} 6. Nc3 {[%clk
1:31:00]} d6 {[%clk 1:31:00]} 7. e4 {[%clk 1:31:00]} g6 {[%clk 1:32:00]} 8. Nf3
{[%clk 1:30:00]} Bg7 {[%clk 1:32:00]} 9. Nd2 {[%clk 1:30:00]} O-O {[%clk
1:29:00]} 10. a4 {[%clk 1:30:00]} Nbd7 {[%clk 1:28:00]} 11. a5 {[%clk 1:31:00]}
Qb7 {[%clk 1:27:00]} 12. Be2 {[%clk 1:27:00]} Ne8 {[%clk 1:27:00]} 13. O-O {[%clk
1:26:00]} Nc7 {[%clk 1:26:00]} 14. Nc4 {[%clk 1:25:00]} Rb8 {[%clk 1:18:00]} 15.
Ra3 {[%clk 1:13:00]} Nb5 {[%clk 1:12:00]} 16. Rb3 {[%clk 1:11:00]} Qc7 {[%clk
1:09:00]} 17. Na4 {[%clk 1:08:00]} Ne5 {[%clk 1:06:00]} 18. Nxe5 {[%clk 0:58:00]}
Bxe5 {[%clk 1:06:00]} 19. Nb6 {[%clk 0:58:00]} Bd7 {[%clk 1:04:00]} 20. Bg4
{[%clk 0:55:00]} Bxg4 {[%clk 0:59:00]} 21. Qxg4 {[%clk 0:56:00]} f5 {[%clk
0:58:00]} 22. Qh4 {[%clk 0:53:00]} Nd4 {[%clk 0:56:00]} 23. Rh3 {[%clk 0:52:00]}
Rf7 {[%clk 0:55:00]} 24. exf5 {[%clk 0:46:00]} Nxf5 {[%clk 0:54:00]} 25. Qa4
{[%clk 0:43:00]} Nd4 {[%clk 0:48:00]} 26. Re1 {[%clk 0:42:00]} Nb5 {[%clk
0:44:00]} 27. Qg4 {[%clk 0:42:00]} Rf5 {[%clk 0:42:00]} 28. Nc4 {[%clk 0:40:00]}
Bf6 {[%clk 0:35:00]} 29. Qe4 {[%clk 0:34:00]} Bd4 {[%clk 0:28:00]} 30. Qe6+
{[%clk 0:29:00]} Rf7 {[%clk 0:26:00]} 31. Rxh7 {[%clk 0:28:00]} Rf8 {[%clk
0:22:00]} 32. Qxg6+ {[%clk 0:26:00]} Rg7 {[%clk 0:23:00]} 33. Rxg7+ {[%clk
0:26:00]} Bxg7 {[%clk 0:23:00]} 34. Bg5 {[%clk 0:23:00]} Rf7 {[%clk 0:21:00]} 35.
Nb6 {[%clk 0:19:38]} Nd4 {[%clk 0:18:04]} 36. Re3 {[%clk 0:19:38]} Kf8 {[%clk
0:17:23]} 37. h4 {[%clk 0:18:29]} c4 {[%clk 0:14:34]} 38. h5 {[%clk 0:18:44]} c3
{[%clk 0:13:49]} 39. bxc3 {[%clk 0:18:44]} Ne2+ {[%clk 0:11:29]} 40. Rxe2 {[%clk
0:17:48]} Qxc3 {[%clk 0:11:40]} 41. Nd7+ {[%clk 0:17:48]} 1-0

[Event "Campeonato España Sub 16"]
[Site "Salobreña"]
[Date "2017.07.27"]
[Round "6"]
[White "Sanchez Serrano, Emilio"]
[Black "Sobrino Forte, Alvaro"]
[Result "1/2-1/2"]
[Board "20"]
[WhiteClock "1:30"]
[WhiteElo "1928"]
[WhiteCountry "ESP"]
[WhiteFideId "32051174"]
[WhiteEloChange "2"]
[BlackClock "1:30"]
[BlackElo "2003"]
[BlackCountry "ESP"]
[BlackFideId "24549495"]
[BlackEloChange "-2"]

1. d4 {[%clk 1:30:00]} Nf6 {[%clk 1:30:00]} 2. c4 {[%clk 1:31:00]} e6 {[%clk
1:31:00]} 3. Nf3 {[%clk 1:31:00]} Bb4+ {[%clk 1:30:00]} 4. Bd2 {[%clk 1:31:00]}
Qe7 {[%clk 1:30:00]} 5. Nc3 {[%clk 1:23:00]} b6 {[%clk 1:27:00]} 6. e3 {[%clk
1:20:00]} Bb7 {[%clk 1:26:00]} 7. Bd3 {[%clk 1:20:00]} Bxc3 {[%clk 1:22:00]} 8.
Bxc3 {[%clk 1:20:00]} Ne4 {[%clk 1:22:00]} 9. Rc1 {[%clk 1:11:00]} O-O {[%clk
1:19:00]} 10. O-O {[%clk 1:03:00]} f5 {[%clk 1:18:00]} 11. Be1 {[%clk 1:00:00]}
d6 {[%clk 1:17:00]} 12. Qc2 {[%clk 0:56:00]} c5 {[%clk 1:08:00]} 13. Nd2 {[%clk
0:51:00]} Nxd2 {[%clk 1:01:00]} 14. Bxd2 {[%clk 0:52:00]} Nd7 {[%clk 0:58:00]}
15. f3 {[%clk 0:45:00]} g6 {[%clk 0:57:00]} 16. Bc3 {[%clk 0:44:00]} Rac8 {[%clk
0:52:00]} 17. b4 {[%clk 0:38:00]} Rc7 {[%clk 0:49:00]} 18. Qb3 {[%clk 0:36:00]}
Qg5 {[%clk 0:44:00]} 19. Rce1 {[%clk 0:34:00]} Rfc8 {[%clk 0:40:00]} 20. bxc5
{[%clk 0:33:00]} dxc5 {[%clk 0:39:00]} 21. Ba1 {[%clk 0:31:00]} a6 {[%clk
0:30:00]} 22. Qb2 {[%clk 0:30:00]} Qf6 {[%clk 0:29:00]} 23. Qf2 {[%clk 0:28:00]}
Qe7 {[%clk 0:26:00]} 24. Qb2 {[%clk 0:21:00]} Qf6 {[%clk 0:26:00]} 25. Qf2 {[%clk
0:22:00]} Qe7 {[%clk 0:26:00]} 26. Rc1 {[%clk 0:22:00]} b5 {[%clk 0:26:00]} 27.
Qe2 {[%clk 0:15:52]} cxd4 {[%clk 0:20:00]} 28. exd4 {[%clk 0:14:35]} bxc4 {[%clk
0:20:00]} 29. Rxc4 {[%clk 0:14:25]} Bd5 {[%clk 0:19:44]} 30. Rxc7 {[%clk
0:14:43]} Rxc7 {[%clk 0:20:00]} 31. Bxa6 {[%clk 0:12:17]} Qa3 {[%clk 0:17:42]}
32. Bb2 {[%clk 0:08:57]} Qxa2 {[%clk 0:15:58]} 33. Ra1 {[%clk 0:09:02]} Qb3
{[%clk 0:16:24]} 34. Ra3 {[%clk 0:07:08]} Qb4 {[%clk 0:09:54]} 35. Ra1 {[%clk
0:05:21]} Qb3 {[%clk 0:08:20]} 36. Ra3 {[%clk 0:05:21]} Qc2 {[%clk 0:08:20]}
1/2-1/2